Jean Gerson's Position toward Women (1363–1429) (notice n° 1639444)
[ vue normale ]
| 000 -LEADER | |
|---|---|
| fixed length control field | 01370cam a2200217 4500500 |
| 005 - DATE AND TIME OF LATEST TRANSACTION | |
| control field | 20260201050636.0 |
| 041 ## - LANGUAGE CODE | |
| Language code of text/sound track or separate title | fre |
| 042 ## - AUTHENTICATION CODE | |
| Authentication code | dc |
| 100 10 - MAIN ENTRY--PERSONAL NAME | |
| Personal name | Mazour-Matusevich, Yelena |
| Relator term | author |
| 245 00 - TITLE STATEMENT | |
| Title | Jean Gerson's Position toward Women (1363–1429) |
| 260 ## - PUBLICATION, DISTRIBUTION, ETC. | |
| Date of publication, distribution, etc. | 2006.<br/> |
| 500 ## - GENERAL NOTE | |
| General note | 95 |
| 520 ## - SUMMARY, ETC. | |
| Summary, etc. | The article discusses the question of Jean Gerson’s (1363–?1429) attitude toward women. Based on several texts where women appear in various social roles–?as spouses, sisters, mothers, and nuns–?the study attempts to form a more nuanced opinion on the subject. Particular attention is paid to the analysis of texts where women appear as independent devotees. While recognizing the complex and even contradictory character of Gerson’s outlook toward women, the article seeks to place it in the general perspective of his "theological vulgarization" project, through which he aimed to lead the largest number of faithful to a life of contemplation. The author argues that Gerson gave women a new important role in this project. |
| 690 ## - LOCAL SUBJECT ADDED ENTRY--TOPICAL TERM (OCLC, RLIN) | |
| Topical term or geographic name as entry element | contemplation |
| 690 ## - LOCAL SUBJECT ADDED ENTRY--TOPICAL TERM (OCLC, RLIN) | |
| Topical term or geographic name as entry element | spirituality |
| 690 ## - LOCAL SUBJECT ADDED ENTRY--TOPICAL TERM (OCLC, RLIN) | |
| Topical term or geographic name as entry element | theology |
| 690 ## - LOCAL SUBJECT ADDED ENTRY--TOPICAL TERM (OCLC, RLIN) | |
| Topical term or geographic name as entry element | visionaries |
| 690 ## - LOCAL SUBJECT ADDED ENTRY--TOPICAL TERM (OCLC, RLIN) | |
| Topical term or geographic name as entry element | Women |
| 786 0# - DATA SOURCE ENTRY | |
| Note | Le Moyen Age | Volume CXII | 2 | 2006-09-01 | p. 337-353 | 0027-2841 |
| 856 41 - ELECTRONIC LOCATION AND ACCESS | |
| Uniform Resource Identifier | <a href="https://shs.cairn.info/journal-le-moyen-age-2006-2-page-337?lang=en&redirect-ssocas=7080">https://shs.cairn.info/journal-le-moyen-age-2006-2-page-337?lang=en&redirect-ssocas=7080</a> |
Pas d'exemplaire disponible.




Réseaux sociaux